Повышение эффективности управления расчетами с персоналом по оплате труда посредством внедрения электронного документооборота; Экономика России в XXI веке; Т. 2

Chi tiết về thư mục
Parent link:Экономика России в XXI веке: сборник научных трудов XI Международной научно-практической конференции "Экономические науки и прикладные исследования: фундаментальные проблемы модернизации экономики России", посвященной 110-летию экономического образования в Томском политехническом университете, г. Томск, 18-22 ноября 2014 г./ Национальный исследовательский Томский политехнический университет (ТПУ) ; ред. кол. Г. А. Барышева [и др.].— , 2014
Т. 2.— 2014.— [С. 5-9]
Tác giả chính: Акчелова А. О.
Tác giả của công ty: Национальный исследовательский Томский политехнический университет (ТПУ) Институт социально-гуманитарных технологий (ИСГТ) Кафедра экономики (ЭКОН)
Tác giả khác: Плучевская Э. В. Эмилия Валерьевна (научный руководитель)
Tóm tắt:Заглавие с титульного экрана
В данной статье рассмотрены понятие документооборота, его роль на предприятии, взаимодействие бухгалтерии с другими предприятиями через документооборот, а также проблемы, возникающие при взаимодействии, понятие системы электронного документооборота, преимущества и недостатки электронного документооборота.
Ngôn ngữ:Tiếng Nga
Được phát hành: 2014
Loạt:Современные тенденции развития бухгалтерского, управленческого и финансового учета в России
Những chủ đề:
Truy cập trực tuyến:http://www.lib.tpu.ru/fulltext/c/2014/C40/V2/002.pdf
Định dạng: Điện tử Chương của sách
KOHA link:https://koha.lib.tpu.ru/cgi-bin/koha/opac-detail.pl?biblionumber=610311

MARC

LEADER 00000naa2a2200000 4500
001 610311
005 20260402142728.0
035 |a (RuTPU)RU\TPU\conf\7917 
035 |a RU\TPU\conf\7916 
090 |a 610311 
100 |a 20150119d2014 k y0rusy50 ca 
101 0 |a rus 
102 |a RU 
135 |a drgn ---uucaa 
181 0 |a i  
182 0 |a b 
200 1 |a Повышение эффективности управления расчетами с персоналом по оплате труда посредством внедрения электронного документооборота  |f А. О. Акчелова  |g науч. рук. Э. В. Плучевская 
203 |a Текст  |c электронный 
225 1 |a Современные тенденции развития бухгалтерского, управленческого и финансового учета в России 
300 |a Заглавие с титульного экрана 
320 |a [Библиогр.: с. 8-9 (4 назв.)] 
330 |a В данной статье рассмотрены понятие документооборота, его роль на предприятии, взаимодействие бухгалтерии с другими предприятиями через документооборот, а также проблемы, возникающие при взаимодействии, понятие системы электронного документооборота, преимущества и недостатки электронного документооборота. 
337 |a Adobe Reader 
461 1 |0 (RuTPU)RU\TPU\conf\7533  |t Экономика России в XXI веке  |o сборник научных трудов XI Международной научно-практической конференции "Экономические науки и прикладные исследования: фундаментальные проблемы модернизации экономики России", посвященной 110-летию экономического образования в Томском политехническом университете, г. Томск, 18-22 ноября 2014 г.  |o в 2 т.  |f Национальный исследовательский Томский политехнический университет (ТПУ) ; ред. кол. Г. А. Барышева [и др.]  |d 2014 
463 0 |0 (RuTPU)RU\TPU\conf\7539  |t Т. 2  |v [С. 5-9]  |d 2014 
610 1 |a труды учёных ТПУ 
610 1 |a электронный ресурс 
610 1 |a эффективность 
610 1 |a управление 
610 1 |a расчеты 
610 1 |a персонал 
610 1 |a оплата труда 
610 1 |a электронный документооборот 
610 1 |a документооборот 
700 1 |a Акчелова  |b А. О. 
702 1 |a Плучевская  |b Э. В.  |c экономист  |c доцент Томского политехнического университета, кандидат экономических наук  |f 1977-  |g Эмилия Валерьевна  |4 727 
712 0 2 |a Национальный исследовательский Томский политехнический университет (ТПУ)  |b Институт социально-гуманитарных технологий (ИСГТ)  |b Кафедра экономики (ЭКОН)  |3 (RuTPU)RU\TPU\col\18375 
801 2 |a RU  |b 63413507  |c 20150119  |g RCR 
856 4 |u http://www.lib.tpu.ru/fulltext/c/2014/C40/V2/002.pdf 
942 |c BK